happier than ever - billie eilish - Statistics

General Stats
  • This quiz has been taken 139 times
  • The average score is 172 of 305
Answer Stats
Lyrics % Correct
when
99%
i'm
98%
away
95%
ever
95%
from
95%
happier
95%
i'm
95%
than
95%
you
95%
wish
94%
i
93%
could
90%
better
87%
it
87%
explain
86%
i
86%
it
86%
true
86%
wish
86%
wasn't
85%
a
81%
day
81%
or
81%
to
81%
two
81%
give
80%
me
80%
something
80%
think
80%
to
80%
clever
79%
do
79%
me
79%
tell
79%
to
79%
to
79%
what
79%
a
77%
letter
77%
myself
77%
of
77%
write
77%
do
75%
you
75%
you
75%
my
74%
avenue
73%
do
73%
my
73%
or
73%
skip
73%
you
73%
you
73%
i
71%
interviews
71%
on
71%
read
71%
way
71%
when
71%
even
70%
passing
70%
said
70%
was
70%
were
70%
your
70%
i
69%
through
69%
you
68%
asked
67%
be
67%
cool
67%
i
67%
i
67%
of
67%
opposite
67%
said
67%
telling
67%
the
67%
to
67%
was
67%
what
67%
what
67%
when
67%
you
67%
you
67%
about
65%
do
65%
do
65%
knew
65%
you'd
65%
you'd
65%
afraid
64%
and
64%
end
64%
i'd
64%
more
64%
up
64%
fair
63%
isn't
63%
it
63%
say
63%
you
63%
clearly
62%
don't
62%
away
61%
could
61%
ever
61%
from
61%
happier
61%
i
61%
i
61%
i'm
61%
i'm
61%
know
61%
made
61%
me
61%
really
61%
than
61%
wanna
61%
when
61%
wish
61%
you
61%
you
61%
again
60%
aware
60%
benz
60%
better
60%
but
60%
call
60%
death
60%
don't
60%
don't
60%
driving
60%
drunk
60%
home
60%
i
60%
i
60%
if
60%
i'm
60%
in
60%
influence
60%
it
60%
it
60%
listen
60%
me
60%
me
60%
miserable
60%
my
60%
only
60%
relate
60%
relate
60%
scared
60%
so
60%
that
60%
the
60%
to
60%
to
60%
to
60%
under
60%
weren't
60%
wish
60%
you
60%
you
60%
you
60%
you
60%
you
60%
your
60%
breath
58%
cause
58%
explain
58%
friends
58%
fucking
58%
i'd
58%
me
58%
never
58%
no
58%
shitty
58%
this
58%
to
58%
true
58%
wasn't
58%
wasting
58%
you
58%
your
58%
cause
57%
hate
57%
i
57%
made
57%
me
57%
you
57%
and
56%
city
56%
don't
56%
talk
56%
this
56%
treat
56%
about
55%
anyone
55%
anything
55%
bad
55%
internet
55%
never
55%
on
55%
shit
55%
shit's
55%
that
55%
the
55%
told
55%
you
55%
cause
54%
were
45%
you
45%
all
44%
and
44%
did
44%
everything
44%
make
44%
me
44%
my
44%
that
44%
was
44%
you
44%
fucking
43%
sad
43%
don't
39%
don't
39%
have
39%
i
39%
so
39%
the
39%
time
39%
waste
39%
bad
37%
don't
37%
embarassing
37%
feel
37%
i
37%
make
37%
me
37%
to
37%
try
37%
could
36%
talk
36%
about
35%
and
35%
every
35%
time
35%
on
33%
showed
33%
that
33%
up
33%
you
33%
alone
32%
an
32%
any
32%
but
32%
cause
32%
did
32%
empty
32%
friends
32%
fucking
32%
have
32%
i
32%
i'd
32%
just
32%
line
32%
mind
32%
my
32%
never
32%
never
32%
paid
32%
so
32%
time
32%
to
32%
you
32%
leave
31%
me
31%
or
31%
always
30%
everything
30%
good
30%
mother
30%
ruined
30%
said
30%
shut
30%
were
30%
you
30%
you
30%
a
29%
all
29%
all
29%
cause
29%
i
29%
kid
29%
made
29%
misunderstood
29%
moments
29%
my
29%
own
29%
was
29%
your
29%
em
27%
for
27%
out
27%
you
27%
No matching quizzes found
Score Distribution
Percent of People with Each Score
Percentile by Number Answered
Your Score History
You have not taken this quiz